| 000 | 00884nam a22002297a 4500 | ||
|---|---|---|---|
| 005 | 20220721140650.0 | ||
| 008 | 220721b ||||| |||| 00| 0 eng d | ||
| 020 | _a8173154791 | ||
| 040 | _cAloy | ||
| 041 | _ahin | ||
| 082 |
_223 _aH891.8 _bGHAA |
||
| 100 |
_aAtal Bihari Vajpeyi: अटल बिहारी वाजपेयी _952270 |
||
| 245 | _aGatbandhan ki rajneeti: गठबंधन की राजनीति | ||
| 260 |
_aDilli _bPrabhat Prakashan _c2004 |
||
| 300 |
_a435p. _bHB _c25x16cm. |
||
| 365 | _2Hindi | ||
| 650 |
_aHindi Misclaneous: हिंदी विविद _952263 |
||
| 650 |
_aHindi Literature: हिंदी साहित्य _952264 |
||
| 700 |
_aVAJPAYEE (Atal Bihari): वाजपेयी (अटल बिहारी) _952265 |
||
| 700 |
_aGHATATE (Na Ma): घटाटे (ना मा) Ed _952271 |
||
| 942 |
_2ddc _cGF |
||
| 999 |
_c224070 _d224070 |
||